1001 ideas for floors : the ultimate sourcebook : flooring solutions for every room (Record no. 9765)
[ view plain ]
| 000 -LEADER | |
|---|---|
| fixed length control field | 00347nam a2200121Ia 4500 |
| 008 - FIXED-LENGTH DATA ELEMENTS--GENERAL INFORMATION | |
| fixed length control field | 220112s9999||||xx |||||||||||||| ||und|| |
| 020 ## - INTERNATIONAL STANDARD BOOK NUMBER | |
| International Standard Book Number | 9789812453921 |
| 082 ## - DEWEY DECIMAL CLASSIFICATION NUMBER | |
| Edition number | 22 |
| Classification number | 747.4 |
| Item number | EMM |
| 100 ## - MAIN ENTRY--PERSONAL NAME | |
| Personal name | Callery, Emma |
| 245 #0 - TITLE STATEMENT | |
| Title | 1001 ideas for floors : the ultimate sourcebook : flooring solutions for every room |
| 260 ## - PUBLICATION, DISTRIBUTION, ETC. (IMPRINT) | |
| Name of publisher, distributor, etc | Emma Callery |
| 942 ## - ADDED ENTRY ELEMENTS (KOHA) | |
| Source of classification or shelving scheme | |
| Withdrawn status | Lost status | Source of classification or shelving scheme | Damaged status | Koha normalized classification for sorting | Not for loan | Permanent location | Current location | Date acquired | Source of acquisition | Cost, normal purchase price | Full call number | Barcode | Date last seen | Cost, replacement price | Price effective from | Koha item type |
|---|---|---|---|---|---|---|---|---|---|---|---|---|---|---|---|---|
| 747_400000000000000_EMM | BMS College of Architecture, Design and Planning | BMS College of Architecture, Design and Planning | 2022-03-02 | 4 | 10764.39 | 747.4 EMM | AR-UG2351 | 2022-03-02 | 14352.52 | 2022-03-02 | UG Books |